History Quiz

Random History or Famous Quiz

Famous Dates Quiz Stats

 Plays Quiz not verified by Sporcle

Challenge
Share
Tweet
Embed
Score 0/25 Timer 05:00
0 Plays Today
Date Person, Place, or Thing % Correct
4/14/1865Abraham Lincoln assassinated
90.1%
11/22/1963John F. Kennedy assassinated
81.9%
6/5/1968Robert Kennedy assassinated
77.4%
4/4/1968Martin Luther King, Jr. assassinated
75.5%
9/9/1956Elvis Presley debuts on Ed Sullivan Show
73.6%
6/6/1944Allies storm the beaches of Normandy
71.8%
11/9/1989Berlin Wall falls
69.2%
7/20/1969Man lands on the Moon
64.1%
7/4/1776United States officially declares independence from Britain
61.8%
1/28/1986Space Shuttle Challenger explodes
61.4%
7/1/1863Battle of Gettyburg begins
60.3%
6/25/2009Michael Jackson dies
56.7%
12/8/1980John Lennon murdered
54.2%
Date Person, Place, or Thing % Correct
4/4/1861Firing on Fort Sumter begins Civil War
52.4%
1/16/1991Operation Desert Storm begins
50.4%
10/3/1990Germany re-unifies
50.4%
2/9/1964Beatles debut on Ed Sullivan Show
49.3%
9/5/1972Hostage Crisis begins at Munich Olympics
48.1%
8/15/1969Woodstock Festival begins
46.3%
8/15/1947India gains independence
40.9%
4/30/1975Saigon falls to the Viet Cong as Vietnam becomes entirely Communist
33.9%
1/31/1968TET Offensive launched by Viet Cong
30.5%
8/1/1981MTV debuts
27%
4/27/1994Free elections in post-apartheid South Africa
18.8%
2/28/1983M*A*S*H finale draws largest TV audience
12%

You're not logged in!

Compare scores with friends on all Sporcle quizzes.
OR
Log In

You Might Also Like...

Show Comments

Extras

Created Jul 19, 2010ReportNominate
Tags:Famous Quiz, date, person, place

Top Quizzes Today


Score Distribution

Your Account Isn't Verified!

In order to create a playlist on Sporcle, you need to verify the email address you used during registration. Go to your Sporcle Settings to finish the process.

Report this User

Report this user for behavior that violates our Community Guidelines.

Details: